| 000 | 00531cam a2200181 4500500 | ||
|---|---|---|---|
| 005 | 20260405001711.0 | ||
| 041 | _afre | ||
| 042 | _adc | ||
| 100 | 1 | 0 |
_aDuru, Martin _eauthor |
| 245 | 0 | 0 | _aUne éthique de l’existence |
| 260 | _c2014. | ||
| 500 | _a26 | ||
| 690 | _aBonheur | ||
| 690 | _aMarcel Conche | ||
| 690 | _aNature | ||
| 786 | 0 | _nPhilosophie magazine | 76 | 2 | 2014-02-01 | p. 34-35 | 1951-1787 | |
| 856 | 4 | 1 | _uhttps://shs.cairn.info/magazine-philosophie-magazine-2014-2-page-34?lang=fr&redirect-ssocas=7080 |
| 999 |
_c2050162 _d2050162 |
||